Кинджал проти шаблі (Запис № 17714)

000 -Маркер запису
Контрольне поле сталої довжини 01870nam a22002537a 4500
003 - Належність контрольного номера
Контрольне поле Uzh_bibl
008 - Кодовані дані
Контрольне поле сталої довжини 260511b |||||||| |||| 00| 0 ukr d
020 ## - Індекс ISBN
ISBN 978-966-474-193-1
Ціна 46.20
040 ## - Джерело каталогіз.
Код мови каталог. укр.
041 ## - Код мови видання
Код мови оригіналу українська
Код мови тексту українська
080 ## - Індекс УДК
Індекс УДК 821(477)
090 ## - Шифри
Поличний індекс 821(477)
Авторський знак Л 64
100 ## - Автор
Автор Литовченки,Тимур і Олена
245 ## - Назва
Назва Кинджал проти шаблі
Фізичний носій Текст
260 ## - Вихідні дані
Місце видання Харків
Видавництво ТОВ Творч.об-ня "Гімназія"
Дата видання 2013
300 ## - Фізичний опис
Обсяг 315 с.
Тип одиниці В опр.
520 ## - Анотація
Анотація Коли князь Іван Вишневецький та його молода дружина Олександра раділи народженню свого первістка Дмитра, людська заздрість єдиним ударом розбила їхнє щастя. Полонена і продана в рабство Олександра була змушена боротися за виживання, доки не зійшла на один з найвищих щаблів влади в Османській імперії. Княжич Дмитро Вишневецький виріс хоробрим вояком, справжнім оборонцем українських земель від турецьких набігів і дістав прізвисько Байди. Саме тоді невблаганна доля зіткнула матір і сина, які не підозрювали про кревний зв’язок між ними!<br/>
521 ## - Примітка про цільове призначення
Примітка про цільове призначення Для широкого кола читачів
546 ## - Примітка про мову
Примітка про мову укр.
650 ## - Тематичні рубрики
Основна рубрика Літературно-художнє видання
653 ## - Ключові слова
Ключові слова Щастя
-- Заздрість
-- Рабство
-- Полон
655 ## - Термін індексування — жанр/форма
Жанр/форма Проза
Типове ділення Авантюрно-історичний роман
942 ## - ADDED ENTRY ELEMENTS (KOHA)
Джерело класифікації чи схема поличного розташування
Koha item type Книги
Фонди
Статус вилучення Статус втрати/відсутності Джерело класифікації чи схема поличного розташування Статус пошкодження Тип обігу (не для випозичання) Постійне розташування Поточне розташування Розташування у відділі Дата надходження Інвентарний номер Total Checkouts Повний (примірниковий) шифр зберігання Штрих-код Date last seen Дата, для якої чинна ціна заміни Тип одиниці (рівень примірника)
          Бібліотека-філія №3 Бібліотека-філія №3 Абонемент старший відділ 11/05/2026 63738   821(477) 4233 11/05/2026 11/05/2026 Книги

Працює на АБІС Коха